000 00569nam a2200217Ia 4500
003 OSt
005 20251024112325.0
008 ASM
037 _cTB
040 _aARTS
_cARTS
_bASM
041 _2ASM
_aASM
084 _aO158,1:g N1
_bAL
100 _aBarua Dilip
_9214217
245 0 _aKabitar bhabishyat
_b Panchadashakar sahityar parampora
260 _c1991
300 _a158p.
365 _b32.00
_cINR
650 _aASSAMESE LITERATURE
_911738
942 _hO158,1:g, N1
_cTB
_2CC
_n0
999 _c452274
_d452274